Catálogo
 En Linea

Un medio ambiente sano : (Registro nro. 38122)

Detalles MARC
000 -CABECERA
campo de control de longitud fija 00719nam a2200157 a 4500
001 - NÚMERO DE CONTROL
campo de control 000038632
005 - FECHA Y HORA DE LA ÚLTIMA TRANSACCIÓN
campo de control 20201002031322.0
008 - DATOS DE LONGITUD FIJA--INFORMACIÓN GENERAL
campo de control de longitud fija 130416s2012 dr a 000 0 spa d
040 ## - FUENTE DE LA CATALOGACIÓN
Centro catalogador/agencia de origen DO-SdBNP
Lengua de catalogación spa
Centro/agencia transcriptor BNPHU
100 1# - ENTRADA PRINCIPAL--NOMBRE DE PERSONA
Nombre de persona Mendéz, Rosa Esther
9 (RLIN) 64964
245 13 - MENCIÓN DE TÍTULO
Título Un medio ambiente sano :
Resto del título comics sobre la conservación de la reserva de biófera Jaragua, Bahoruco-Enrriquillo, escrito por niños, niñas y dadolescentes, en el marco del proyecto /
Mención de responsabilidad, etc. Rosa Esther Méndez, Jenifer Edileisy Heredia ; ilustraciones Adan Javier Hernández.
260 ## - PUBLICACIÓN, DISTRIBUCIÓN, ETC.
Lugar de publicación, distribución, etc. Santo Domingo :
Nombre del editor, distribuidor, etc. Cesar ONG.,
Fecha de publicación, distribución, etc. 2012.
300 ## - DESCRIPCIÓN FÍSICA
Extensión 39 p. :
Otras características físicas il. ;
Dimensiones 25 cm.
700 12 - PUNTO DE ACCESO ADICIONAL--NOMBRE DE PERSONA
Nombre de persona Edileisy Heredia, Jenifer
9 (RLIN) 64965
700 12 - PUNTO DE ACCESO ADICIONAL--NOMBRE DE PERSONA
Nombre de persona Hernández, Adan Javier
Término indicativo de función/relación il.
9 (RLIN) 64966
Existencias
Estado de retiro Estado de pérdida No para préstamo Código de colección Localización permanente Ubicación/localización actual Ubicación en estantería Fecha de adquisición Número de inventario Total de préstamos Signatura topográfica completa Código de barras Fecha visto por última vez Precio válido a partir de Tipo de ítem Koha
      Patrimonio Dominicano Patrimonio Dominicano Patrimonio Dominicano Orden iniciada 16.04.2013 LF1   38632-10 25.06.2020 25.06.2020 Libro y Folleto Colección Patrimonio Dominicano
      Patrimonio Dominicano Patrimonio Dominicano Patrimonio Dominicano Orden iniciada 16.04.2013 LF1   38632-20 25.06.2020 25.06.2020 Libro y Folleto Colección Patrimonio Dominicano
      Patrimonio Dominicano Patrimonio Dominicano Patrimonio Dominicano Orden iniciada 16.04.2013 LF1   38632-30 25.06.2020 25.06.2020 Libro y Folleto Colección Patrimonio Dominicano

Con tecnología Koha